000 00889cam a22002531 4500
001 27475
003 BD-RjUL
005 20211209051147.0
008 140325t1947 nyub 000 0 eng d
035 _a(BD-RjUL)27549
035 _a(OCoLC)1534351
040 _aDLC
_cOClU
_dOCoLC
_dDLC
_dBD-RjUL
_beng
041 _aeng
082 0 0 _a956.9
_bCRB 1947
100 1 _aCrum, Bartley Cavanaugh,
_d1900-1959.
_984407
245 1 0 _aBehind the silken curtain :
_ba personal account of Anglo-American diplomacy in Palestine and the Middle East /
_cby Bartley C. Crum.
260 _aNew York :
_bSimon and Schuster,
_cc1947.
300 _axiv, 297 p. ;
_c21 cm.
610 2 0 _aAnglo-American Committee of Inquiry on Jewish Problems in Palestine and Europe.
_984408
651 0 _aPalestine
_xPolitics and government.
_984409
942 _2ddc
_cBK
999 _c27475
_d27475